| 000 | 00846nam a22002057a 4500 | ||
|---|---|---|---|
| 003 | OSt | ||
| 005 | 20251104084143.0 | ||
| 008 | 251103b |||||||| |||| 00| 0 eng d | ||
| 040 | _c0 | ||
| 082 | _aDPer 371.91 J826 July-October 2022 v. 27 n. 3-4 | ||
| 100 |
_aBulan, Mehtap Ataseven. _eauthor. _969080 |
||
| 245 |
_aTurkish sign language adaption of the turkish health literacy scale-32 / _cMehtap Ataseven Bulun, Selden Cepni, and Yusuf Ermez. |
||
| 260 |
_aUSA ; _bOxford University Press , _cOctober 2022. |
||
| 300 |
_aVolume 27, pages 443-452 : _billustration ; _c28 cm. |
||
| 500 | _aJournal of Deaf Studies and Deaf Education, vol. 37, no. 4, pages 443-452 , October 2022. | ||
| 700 |
_aBulan, Mehtap Ataseven. _eauthor. _969080 |
||
| 710 |
_aCepni, Selden. _eauthor. _969082 |
||
| 711 |
_aErmez, Yusuf. _jauthor. _969084 |
||
| 942 |
_2ddc _cPER |
||
| 999 |
_c24115 _d24115 |
||